000 00382nam a2200145Ia 4500
008 230917s9999||||xx |||||||||||||| ||und||
040 _e81087
_aMAIN
041 _aEnglish
082 _a346.03 R189E
100 _aRanchhoddas, Ratanlal
245 0 _aEnglish and Indian law of torts
260 _aBombay
_bBombay Law Reporter Office
_c1953
300 _alxxi, 544 p.
942 _cBK
999 _c220205
_d220205